000 00697nam a2200253Ia 4500
003 OSt
005 20221006143631.0
006 a|||||r|||| 00| 0
007 ta
008 221006b |||||||| |||| 00| 0 eng d
020 _c182.00
024 _a9,492
037 _cTextual
040 _aEASL
_cEASL
_beng
041 _2eng
_aeng
082 _aX:54.41.N72, L7
100 _aLI Victor H Ed.
_9336101
245 0 _aLaw and politics in China's foreign trade
260 _aSeattle
_bUniversity of Washington Press
_c1977
300 _a468p.
_ccm.
490 _v CEL
_aAsian law series
942 _hX:54.41.N72, L7
_cTEXL
_2CC
999 _c1077578
_d1077578